000 01333cam a22003133a 4500
001 2821
005 20240116103627.0
020 _a0590762575 (pbk.)
040 _aZAB
_cZAB
_dSLC
_dOCL
_dOCLCQ
_dDLC
_beng
050 0 0 _aPZ7.A6483
082 _a813.54
100 1 _aApplegate, Katherine
245 1 4 _aThe suspicion /
_cK.A. Applegate
250 _aFirst Scholastic printing, December 1998
260 _aNew York :
_bScholastic,
_c1998
300 _a155 pages :
_billustrations ;
_c20 cm
490 1 _aAnimorphs ;
_vBook 24
500 _a"An Apple paperback."
505 _aO
520 _aThe Yeerks are not the only invaders of Earth. Meet the new enemy: the Helmacrons. Cassie finds their miniature spaceship and donates it to a toy drive. Big mistake. The Helmacrons are tiny, but they're far from helpless. They have the technology to shrink other creatures to their size. And until they get their spaceship back, they're taking hostages. The Animorphs must find a way to send these pests back into space--before it's too late.
521 _a640
_bLexile
521 _aO
_bRaz-Plus
650 0 _aScience fiction.
650 0 _aMetamorphosis
_vJuvenile fiction.
655 7 _aChildren's stories.
_2lcsh
655 7 _aScience fiction.
_2gsafd
906 _a7
_bcbc
_ccopycat
_d2
_encip
_f19
_gy-genrareb
942 _2ddc
_cBK
_n0
999 _c2821
_d2821